Регионална библиотека "Любен Каравелов" - Русе

Фантастика на ФРГ, Австрия и Швейцария (Запис номер 174363)

MARC детайли
000 -Лидер
Контролно поле с фиксирана дължина 02359nam a2200337 c 4500
003 - Код на организацията, давaща контролен номер
Контролно поле BLK
005 - Дата и час на последна редакция
Контролно поле 20250715124204.0
008 - Елементи от данни с фиксирана дължина
fixed length control field 180411b bul|||||r ||||||| ||bul||
010 ## - Наследен системен номер
LC control number KNG00182838000
040 ## - Източник на каталожния запис
Идентификатор на билиотеката - собственик на записа BLK
041 ## - Код за език
Код за езика на текст/звукозапис или на отделно заглавие Български
Код за езика КДБФ Български
080 ## - УДК
Текстов определител УДК Немска литература
УДК код - определител по УДК 821.112.2
УДК определител -322.9
УДК - код + определител 821.112.2-322.9
080 ## - УДК
Текстов определител УДК Австрийска литература
УДК код - определител по УДК 821.112(436)
УДК определител -322.9
УДК - код + определител 821.112(436)-322.9
080 ## - УДК
Текстов определител УДК ?Швейцарска литература
УДК код - определител по УДК 830(494)
УДК определител -322.9
УДК - код + определител 830(494)-322.9
100 1# - Редна дума - Автор
Автор Бармейер, Айке
Авторска отговорност първи автор
R(LIN) 36715
139 ## - Редно поле
Редна дума Фантастика на ФРГ, Австрия и Швейцария
Авторски знак Фант - Ф 22
245 10 - Сведения за заглавието
Заглавие Фантастика на ФРГ, Австрия и Швейцария
Подзаглавни данни Антология
Редно поле (дума) Айке Бармейер; състав. с предг. от Любен Иванов Дилов; прев. от нем. Венцеслав Константинов Константинов.
257 ## - Страна на издаване
Страна на създаване/издаване Австрия
-- Германия
-- Швейцария
260 ## - Област на издателските данни
-- Пловдив
Име на издателя, разпространителя и проч. Христо Г. Данов
Година на издаване 1981
300 ## - Физическа характеристика
Страници 440 с.
Илюстрации и др. с ил.
Размери/Мащаб 20 см
380 ## - Жанр
Жанр Худож. лит.
500 ## - Общи забележки
Забележка Други авт.: М. Беранек, П. Т. Фитон, В. Гьопферт, Фр. Дюренмат, Б. Йегер, В. Йешке, Х. Кампхаус, Е. Канети, Фр. Кафка, Б. Клинг, Х. фон Крамер, И. Кремп, Х. Ландау, Ева Мария Мудрих, П. фон Трамин, Х. Франке, Е. Фрид, М. Фриш, Д. ван Хезе, Ю. Фом Шайдт, П. Шатшнайдер, Й. Шпилманс. - Други прев.: В. Аврамова-Майер, Л. Илиев, Л. Кочанова, М. Дилова, Н. Фурнаджиева, Р. Велкова, Св. Чикова, Ф. Караджова-Потоцка. - Пълното име на състав. е Любен Дилов Иванов. - 80 600 тир.
700 1# - Други автори (авторска отговорност)
Лично име Дилов, Любен Иванов
Автороска отговорност (Описва отношението между автора и произведението) състав. с предг. от
9 (RLIN) 380324
700 1# - Други автори (авторска отговорност)
Лично име Константинов, Венцеслав Константинов
Автороска отговорност (Описва отношението между автора и произведението) прев. от нем.
9 (RLIN) 374149
852 ## - Местоположение
Форматна сигнатура Цб 109182
856 4# - Електронен адрес и достъп
Електронен формат pdf - файл
Път до файла /url/
856 4# - Електронен адрес и достъп
Електронен формат pdf - файл
Път до файла /url/
942 ## - АРТИКУЛИ
Вид на библиотечния материал Книги
Скрит в OPAC Не
Koha issues (borrowed), all copies 1
944 ## - СЪЗДАВАНЕ И РЕДАКЦИЯ на ЗАПИСА
Създаване/Редакция Създаване
Дата на регистрацията/редакция 29.09.2015
Служител, извършил регистрацията/редакцията 30558
Статус, дата на статуса Валя Йорданова
944 ## - СЪЗДАВАНЕ И РЕДАКЦИЯ на ЗАПИСА
Създаване/Редакция Редакция
Дата на регистрацията/редакция 20.09.2017
Служител, извършил регистрацията/редакцията Кети_Илиева
999 ## - СИСТЕМНИ КОНТРОЛНИ НОМЕРА
Koha biblionumber 174363
Koha biblioitemnumber 174363
Наличности
Код за отписване Код за изгубен артикул Източник на класификационната схема Код за повреда Коз за рестрикции Код за отдаване Артикулен № Име на библиотеката - собственик Име на библиотеката, в която се намира в момента Статус (Текущо местоположение) Дата на вписване в системата Местоположение - отдел Цена в лева Инвентарен номер Систематично азбучна сигнатура Баркод Номер на екземпляра Цена в евро Служебна бележка Служебен тип на артикула Бележка за публиката
  Не е изгубен Universal Decimal Classification Не е повреден само за читалня ползва се в читалня 299117 Регионална библиотека "Любен Каравелов" Русе Регионална библиотека "Любен Каравелов" Русе Хранилище 1981-01-01 Хранилище 2.94 330391 Цб 109182 120000330391 1 1.50 Вид: Сф Дата: 01.01.1981 Книги  
Изтеглен Не е изгубен Universal Decimal Classification Не е повреден без рестрикции заемане за дома 299118 Регионална библиотека "Любен Каравелов" Русе Регионална библиотека "Любен Каравелов" Русе Заемна - подръчен фонд 1981-01-01 Заемна - подръчен фонд 2.94 329536 П 830-32/Ф 22 329536 2 1.50 Вид: Сф Дата: 01.01.1981 Книги  
Изтеглен Не е изгубен Universal Decimal Classification Не е повреден без рестрикции заемане за дома 299119 Регионална библиотека "Любен Каравелов" Русе Регионална библиотека "Любен Каравелов" Русе Заемна - подръчен фонд 1981-01-01 Заемна - подръчен фонд 2.94 329543 П 830-32/Ф 22 329543 3 1.50 Вид: Сф Дата: 01.01.1981 Книги  
Изтеглен Не е изгубен Universal Decimal Classification Не е повреден без рестрикции заемане за дома 299120 Регионална библиотека "Любен Каравелов" Русе Регионална библиотека "Любен Каравелов" Русе Заемна - подръчен фонд 1981-01-01 Заемна - подръчен фонд 2.94 329544 П 830-32/Ф 22 329544 4 1.50 Вид: Сф Дата: 01.01.1981 Книги  
Изтеглен Не е изгубен   Не е повреден без рестрикции заемане за дома 299121 Регионална библиотека "Любен Каравелов" Русе Регионална библиотека "Любен Каравелов" Русе   1981-01-01 Детски отдел 2.94 329621 ДХ 820/899/Ф 22 329621 5 1.50 Вид: Сф Дата: 01.01.1981 Дата инв: 30.09.2015 Бележки инв: Д2015 Книги Отч.N: 35/2017 , Дата: 05.09.2017
Vip Innovations Ltd, Rousse, Bulgaria 2025